[Event "Uxbridge Tal"]
[Site "Uxbridge"]
[Date "2010.02.13"]
[Round "1"]
[White "Turner, David"]
[Black "Peat, Matthew"]
[Result "0-1"]
[WhiteElo "1839"]
[BlackElo "2067"]
[PlyCount "74"]
[EventDate "2010.02.13"]
[EventType "tourn"]
[EventRounds "9"]
[EventCountry "ENG"]
[SourceTitle "CBM 135 Extra"]
[Source "ChessBase"]
[SourceDate "2010.05.04"]
[SourceVersion "1"]
[SourceVersionDate "2010.05.04"]
[SourceQuality "1"]

1. Nf3 d5 2. g3 c6 3. Bg2 Bf5 4. d3 e6 5. Nbd2 Nf6 6. 0-0 h6 7. Qe1 Qc7 8. b3 a5 9. a4 Be7 10. Bb2 0-0 11. Rc1 Na6 12. h3 Bh7 13. e3 b5 14. axb5 cxb5 15. Qe2 Nb4 16. Nd4 Qb6 17. e4 Rac8 18. c3 Na2 19. Rc2 b4 20. Nb1 Nxc3 21. Nxc3 bxc3 22. Rxc3 Bb4 23. Rc2 Bc5 24. Rfc1 Rc7 25. e5 Nd7 26. Bxd5 exd5 27. e6 Nf6 28. exf7+ Rfxf7 29. Qe6 Bxd4 30. Rc6 Bxf2+ 31. Kg2 Qe3 32. Be5 Bxg3 33. Bxg3 Qxe6 34. Rxe6 Rxc1 35. d4 Be4+ 36. Kh2 Rc2+ 37. Kg1 Rg2+ 0-1